Statistiken für Wem gehört der Song?

Klicken Sie hier um das Quiz zu spielen!

Allgemein

  • Dieses Quiz wurde 1.717 mal gespielt
  • Das Durchschnittsergebnis liegt bei 10 aus 15

Antwortstatistiken

SongSinger% Korrekt
Shape Of YouEd Sheeran
93%
Wake WakaShakira
93%
I Kissed A GirlKaty Perry
91%
Beat itMichael Jackson
88%
ToxicBritney Spears
79%
TiK ToKKesha
77%
Someone Like YouAdele
70%
HaloBeyoncé
66%
WannabeSpice Girls
63%
Treat You BetterShawn Mendes
59%
Don't Stop The MusicRihanna
55%
StarshipsNicki Minaj
53%
Counting StarsOneRepublic
53%
Call Me MaybeCarly Rae Jepsen
48%
She Doesn't MindSean Paul
37%

Verteilung der Resultate

Perzentil nach korrekt beantworteten Fragen

Anzahl Personen mit jedem Resultat

Ihre Resultats-Entwicklung

Sie haben dieses Quiz noch nicht gespielt